Gordon Parks: (Record no. 3831)

MARC details
000 -LEADER
fixed length control field 01256nam a22002777a 4500
001 - CONTROL NUMBER
control field 3831
003 - CONTROL NUMBER IDENTIFIER
control field FISKH
005 - DATE AND TIME OF LATEST TRANSACTION
control field 20240515151923.0
008 - FIXED-LENGTH DATA ELEMENTS--GENERAL INFORMATION
fixed length control field 240515b cb ||||| |||| 00| 0 eng d
020 ## - INTERNATIONAL STANDARD BOOK NUMBER
International Standard Book Number 9781338054644
040 ## - CATALOGING SOURCE
Original cataloging agency FISKH
Language of cataloging eng
Transcribing agency FISKH
Modifying agency FISKH
050 ## - LIBRARY OF CONGRESS CALL NUMBER
Classification number TR140.P35
082 ## - DEWEY DECIMAL CLASSIFICATION NUMBER
Classification number 770.89
100 ## - MAIN ENTRY--PERSONAL NAME
Personal name Weatherford, Carole Boston
245 ## - TITLE STATEMENT
Title Gordon Parks:
Remainder of title How the Photographer Captured Black and White America /
Statement of responsibility, etc. by Carole Boston Weatherford : illustrated by Jamey Christoph
260 ## - PUBLICATION, DISTRIBUTION, ETC.
Place of publication, distribution, etc. New York :
Name of publisher, distributor, etc. Sholastic ;
Date of publication, distribution, etc. 2015
300 ## - PHYSICAL DESCRIPTION
Extent 31 unnumbered pages :
Other physical details color illustrations ;
Dimensions 26 cm .
505 ## - FORMATTED CONTENTS NOTE
Formatted contents note M <br/>
520 ## - SUMMARY, ETC.
Summary, etc. Gordon Parks is most famous for being the first black director in Hollywood. But before he made movies and wrote books, he was a poor African American looking for work. When he bought a camera, his life changed forever. He taught himself how to take pictures and before long, people noticed.<br/>This is a fixed-format ebook, which preserves the design and layout of the original print book.<br/><br/>.
521 8# - TARGET AUDIENCE NOTE
Target audience note 530 <br/>
Source Lexile estimate <br/>
521 8# - TARGET AUDIENCE NOTE
Target audience note M <br/>
Source Raz-Plus <br/>
650 ## - SUBJECT ADDED ENTRY--TOPICAL TERM
Topical term or geographic name entry element Gordon Parks
Form subdivision Non-fiction
700 ## - ADDED ENTRY--PERSONAL NAME
Personal name Christoph , Jamey
Relator term illustrator
942 ## - ADDED ENTRY ELEMENTS (KOHA)
Source of classification or shelving scheme Dewey Decimal Classification
Koha item type Books
Suppress in OPAC No
Holdings
Withdrawn status Lost status Source of classification or shelving scheme Damaged status Not for loan Collection Home library Current library Shelving location Date acquired Total Checkouts Full call number Barcode Date last seen Price effective from Koha item type
    Dewey Decimal Classification     Non-Fiction Footprints International School Library Network Toul Kork Campus Footprints International School Library Network Toul Kork Campus   05/15/2024   WEA 770.89 TR140.P35 FISTK05610 05/15/2024 05/15/2024 Books